Регионална библиотека "Любен Каравелов" - Русе

Нормален изглед MARC изглед
  • България. Министерство на общ. сгради, пътищата и съобщенията

Вход 02. Организация (Колективен автор)

Брой записи, използвани в: 0

001 - Контролен номер на записа

  • Контролно поле: 435207

003 - Код на организацията, даваща контролен номер

  • Контролно поле: BLK

005 - Дата и час на последна промяна на записа

  • Контролно поле: 20201014105543.0

008 - Данни с фиксирана дължина – обща информация

  • Данни с фиксирана дължина : 201014|| aca||aabn | a|a d

110 ## - НАИМЕНОВАНИЕ НА КОЛЕКТИВЕН ОРГАН -ПЪРВИЧНА ИНТЕЛЕКТУАЛНА ОТГОВОРНОСТ

  • Название на организация или юридическо име като основно описание: България. Министерство на общ. сгради, пътищата и съобщенията

942 ## - Системна служебна употреба

  • Koha auth type: CORPO_NAME
Vip Innovations Ltd, Rousse, Bulgaria 2025